| 000 | 00672nam a22002297a 4500 | ||
|---|---|---|---|
| 005 | 20170124110050.0 | ||
| 010 | _a915588 | ||
| 020 | _c00.00 | ||
| 035 | _a915588 | ||
| 037 | _bCen Lib/Ret | ||
| 040 |
_aDPL _bEN |
||
| 082 |
_a658 _bBEN |
||
| 100 |
_aBennet, C.L. _925252 |
||
| 245 |
_aDefining the manager's job / _cby C.L. Bennet |
||
| 260 |
_aBombay _bTaraporevala publishing industries _c1977 |
||
| 270 |
_bBombay _aDeshmukh marg |
||
| 300 |
_a446p. _c20cm(Hb) |
||
| 500 | _aIncludes bibliographical references and index | ||
| 650 |
_aComapany practice _925253 |
||
| 650 |
_aGaining executive _925254 |
||
| 942 |
_2ddc _cEN _h658 _mBEN |
||
| 999 |
_c129058 _d129058 |
||